<?xml version="1.0" encoding="UTF-8"?>
<collection xmlns="http://www.loc.gov/MARC21/slim">
 <record>
  <leader>02098nam a2200349 a 4500</leader>
  <controlfield tag="001">1/32815</controlfield>
  <controlfield tag="008">070615r20032002gr a     bi   00110 gre  </controlfield>
  <datafield tag="020" ind1=" " ind2=" ">
   <subfield code="a">9600333015</subfield>
  </datafield>
  <datafield tag="035" ind1=" " ind2=" ">
   <subfield code="l">35195</subfield>
  </datafield>
  <datafield tag="040" ind1=" " ind2=" ">
   <subfield code="a">GR-PeUP</subfield>
  </datafield>
  <datafield tag="082" ind1="0" ind2="0">
   <subfield code="a">302.23 McQ ΜΤΦ</subfield>
  </datafield>
  <datafield tag="100" ind1="1" ind2=" ">
   <subfield code="a">McQuail, Denis.</subfield>
  </datafield>
  <datafield tag="245" ind1="1" ind2="2">
   <subfield code="a">Η θεωρία της μαζικής επικοινωνίας για τον 21ο αιώνα /</subfield>
   <subfield code="c">Ντένις ΜακΚουέϊλ ;εισαγωγή-επιμέλεια Στέλιος Παπαθανασόπουλος ; μετάφραση Κάτια Μεταξά.</subfield>
  </datafield>
  <datafield tag="260" ind1="0" ind2=" ">
   <subfield code="a">Αθήνα :</subfield>
   <subfield code="b">Καστανιώτη,</subfield>
   <subfield code="c">c2002, 2003.</subfield>
  </datafield>
  <datafield tag="300" ind1=" " ind2=" ">
   <subfield code="a">606 σ. :</subfield>
   <subfield code="b">εικ. ;</subfield>
   <subfield code="c">25 εκ.</subfield>
  </datafield>
  <datafield tag="490" ind1="1" ind2=" ">
   <subfield code="a">Επικοινωνία και Κοινωνία ;</subfield>
  </datafield>
  <datafield tag="500" ind1=" " ind2=" ">
   <subfield code="a">Τίτλος πρωτοτύπου: McQail's mass communication theory, 4th edition.</subfield>
  </datafield>
  <datafield tag="500" ind1=" " ind2=" ">
   <subfield code="a">Πρόλογος του συγγραφέα για την ελληνική έκδοση.</subfield>
  </datafield>
  <datafield tag="504" ind1=" " ind2=" ">
   <subfield code="a">Περιέχει βιβλιογραφία και ευρετήριο.</subfield>
  </datafield>
  <datafield tag="650" ind1=" " ind2="4">
   <subfield code="a">Μέσα Μαζικής Ενημέρωσης.</subfield>
  </datafield>
  <datafield tag="650" ind1=" " ind2="4">
   <subfield code="a">Επικοινωνία.</subfield>
  </datafield>
  <datafield tag="650" ind1=" " ind2="4">
   <subfield code="a">Επικοινωνία και κοινωνία.</subfield>
  </datafield>
  <datafield tag="700" ind1="1" ind2=" ">
   <subfield code="a">Μεταξά, Κάτια.</subfield>
  </datafield>
  <datafield tag="700" ind1="1" ind2=" ">
   <subfield code="a">Παπαθανασόπουλος, Στέλιος.</subfield>
  </datafield>
  <datafield tag="830" ind1=" " ind2=" ">
   <subfield code="a">Επικοινωνία και Κοινωνία.</subfield>
  </datafield>
  <datafield tag="852" ind1=" " ind2=" ">
   <subfield code="a">INST</subfield>
   <subfield code="b">UNIPILB</subfield>
   <subfield code="c">EUDOXOS</subfield>
   <subfield code="e">20140221</subfield>
   <subfield code="h">302.23 McQ ΜΤΦ</subfield>
   <subfield code="p">00170251</subfield>
   <subfield code="q">00170251</subfield>
   <subfield code="t">EUDOX</subfield>
   <subfield code="y">23</subfield>
   <subfield code="4">6</subfield>
  </datafield>
  <datafield tag="852" ind1=" " ind2=" ">
   <subfield code="a">INST</subfield>
   <subfield code="b">UNIPILB</subfield>
   <subfield code="c">EUDOXOS</subfield>
   <subfield code="e">20140221</subfield>
   <subfield code="h">302.23 McQ ΜΤΦ</subfield>
   <subfield code="p">00170252</subfield>
   <subfield code="q">00170252</subfield>
   <subfield code="t">EUDOX</subfield>
   <subfield code="y">4</subfield>
   <subfield code="x">20170308</subfield>
   <subfield code="4">5</subfield>
  </datafield>
  <datafield tag="852" ind1=" " ind2=" ">
   <subfield code="a">INST</subfield>
   <subfield code="b">UNIPILB</subfield>
   <subfield code="c">EUDOXOS</subfield>
   <subfield code="e">20140603</subfield>
   <subfield code="h">302.23 McQ ΜΤΦ</subfield>
   <subfield code="p">00171233</subfield>
   <subfield code="q">00171233</subfield>
   <subfield code="t">EUDOX</subfield>
   <subfield code="y">0</subfield>
   <subfield code="4">7</subfield>
  </datafield>
  <datafield tag="852" ind1=" " ind2=" ">
   <subfield code="a">INST</subfield>
   <subfield code="b">UNIPILB</subfield>
   <subfield code="c">MAIN</subfield>
   <subfield code="e">20070615</subfield>
   <subfield code="h">302.23 McQ ΜΤΦ</subfield>
   <subfield code="p">00152874</subfield>
   <subfield code="q">00152874</subfield>
   <subfield code="t">LOAN</subfield>
   <subfield code="y">0</subfield>
   <subfield code="4">1</subfield>
  </datafield>
  <datafield tag="852" ind1=" " ind2=" ">
   <subfield code="a">INST</subfield>
   <subfield code="b">UNIPILB</subfield>
   <subfield code="c">MAIN</subfield>
   <subfield code="e">20100301</subfield>
   <subfield code="h">302.23 McQ ΜΤΦ</subfield>
   <subfield code="p">00160913</subfield>
   <subfield code="q">00160913</subfield>
   <subfield code="t">LOAN</subfield>
   <subfield code="y">0</subfield>
   <subfield code="4">2</subfield>
  </datafield>
  <datafield tag="852" ind1=" " ind2=" ">
   <subfield code="a">INST</subfield>
   <subfield code="b">UNIPILB</subfield>
   <subfield code="c">MAIN</subfield>
   <subfield code="e">20130122</subfield>
   <subfield code="h">302.23 McQ ΜΤΦ</subfield>
   <subfield code="p">00165058</subfield>
   <subfield code="q">00165058</subfield>
   <subfield code="t">LOAN</subfield>
   <subfield code="y">0</subfield>
   <subfield code="4">4</subfield>
  </datafield>
  <datafield tag="852" ind1=" " ind2=" ">
   <subfield code="a">INST</subfield>
   <subfield code="b">UNIPILB</subfield>
   <subfield code="c">MAIN</subfield>
   <subfield code="e">20121109</subfield>
   <subfield code="h">302.23 McQ ΜΤΦ</subfield>
   <subfield code="p">00166333</subfield>
   <subfield code="q">00166333</subfield>
   <subfield code="t">LOAN</subfield>
   <subfield code="y">0</subfield>
   <subfield code="4">3</subfield>
  </datafield>
 </record>
</collection>
